书目信息 |
| 题名: |
暮雪长歌
|
|
| 作者: | 黄丹丽 著 | |
| 分册: | ||
| 出版信息: | 石家庄 花山文艺出版社 2019.06 |
|
| 页数: | 451页, [4] 页图版 | |
| 开本: | 24cm | |
| 丛书名: | ||
| 单 册: | ||
| 中图分类: | I247.57 | |
| 科图分类: | ||
| 主题词: | 长篇小说--chang pian xiao shuo--中国--当代 | |
| 电子资源: | ||
| ISBN: | 978-7-5511-4675-3 | |
| 000 | 01036nam0 2200241 450 | |
| 001 | 202019137995 | |
| 005 | 20191026133321.0 | |
| 010 | @a978-7-5511-4675-3@dCNY69.00 | |
| 100 | @a20191023d2019 em y0chiy50 ea | |
| 101 | 0 | @achi |
| 102 | @aCN@b130000 | |
| 105 | @aaf z 000ay | |
| 106 | @ar | |
| 200 | 1 | @a暮雪长歌@Amu xue chang ge@f黄丹丽著 |
| 210 | @a石家庄@c花山文艺出版社@d2019.06 | |
| 215 | @a451页, [4] 页图版@c图@d24cm | |
| 314 | @a黄丹丽, 生于揭阳, 现居珠海, 代表作《伤藤》。 | |
| 330 | @a在中国历史上, 民国时期是东西方文明交流互鉴, 不同价值观念冲撞交流的时期。民国是一个具有独特美感的时代, 中西碰撞的文化背景, 美丽动人的旗袍记忆, 充满神秘感的佳人故事, 乱世烽烟中的传奇爱恋等都是引人注目之所在。本书讲述了在纷繁复杂的民国时期, 辅助父亲成就事业的段连祺, 与破落琴女相识、相知、相爱, 最后因各种因素干扰而分道扬镳的凄美爱情故事。 | |
| 606 | 0 | @a长篇小说@Achang pian xiao shuo@y中国@z当代 |
| 690 | @aI247.57@v5 | |
| 701 | 0 | @a黄丹丽@Ahuang dan li@4著 |
| 801 | 0 | @aCN@c20190905 |
| 905 | @a河南城建学院图书馆@dI247.57@eH823 | |
| 暮雪长歌/黄丹丽著.-石家庄:花山文艺出版社,2019.06 |
| 451页, [4] 页图版:图;24cm |
| ISBN 978-7-5511-4675-3:CNY69.00 |
| 在中国历史上, 民国时期是东西方文明交流互鉴, 不同价值观念冲撞交流的时期。民国是一个具有独特美感的时代, 中西碰撞的文化背景, 美丽动人的旗袍记忆, 充满神秘感的佳人故事, 乱世烽烟中的传奇爱恋等都是引人注目之所在。本书讲述了在纷繁复杂的民国时期, 辅助父亲成就事业的段连祺, 与破落琴女相识、相知、相爱, 最后因各种因素干扰而分道扬镳的凄美爱情故事。 |
| ● |
| 相关链接 |
|
|
|
正题名:暮雪长歌
索取号:I247.57/H823
 
预约/预借
| 序号 | 登录号 | 条形码 | 馆藏地/架位号 | 状态 | 备注 |
| 1 | 1447076 | 214470767 | 文学库108/108文学库 48排8列5层/ [索取号:I247.57/H823] | 在馆 | |
| 2 | 1447077 | 214470776 | 文学库108/108文学库 48排8列5层/ [索取号:I247.57/H823] | 在馆 |